MDQL
is popping MORE tags! Check the
thread
!
Quizzes
Events
Quiz Creation
Community
Videos
Private Events
Remove Ads
Sign In
Join for FREE
Feedback
Dark Mode
Quiz Categories
Sports
Geography
Music
Movies
Television
Just For Fun
Miscellaneous
History
Literature
Language
Science
Gaming
Entertainment
Religion
Holiday
For Kids
Quiz Lab
Recent
Popular Today
Quiz Kudos Today
Editor Picks
Curator Picks
Quizzes by...
Day
Popularity
Type
Ratings
Length
Year
Community
Subscriptions
Recent Discussions
Orange Saloon
Badges
Playlists
Quests
Create
Leaderboards
Showdown
Live 5
Trivia Bingo
Activity
Puzzle Library
Sporcle Events
Private Events
Virtual Trivia
Globe League
Become a Host
Pub Owners
SporcleCon
Opinionation
Our Games
Videos
Blog
Mobile Apps
Partnerships
Remove Ads and Go Orange
Feedback
Entertainment
Celebrity
Famous
Musical
Broadway
Show
Quote
Comic Books
Anime
Superhero
DC Comics
Marvel
Cartoons
Animation
Entertainment
Celebrity
Famous
Musical
Broadway
Show
Quote
Comic Books
Anime
Superhero
DC Comics
Marvel
Cartoons
Animation
Random Quiz
Search Sporcle
×
Quiz Lab
Quiz Lab
Entertainment
Kpop
Select answers by clicking on text or image buttons
Select answers by clicking on text or image buttons
Clickable
Best Score? Go Orange.
K-DRAMA Random Quiz Stats
Just pick the one you think right based in categories
By
bang21
10m
74 Questions
2,129 Plays
2,129 Plays
2,129 Plays
Comments
Comments
Give Quiz Kudos
Give Quiz Kudos
-
- Ratings
hide this ad
Forced Order
Answers have to be entered in order
Answers have to be entered in order
Replay
Link that replays current quiz
Next Quiz
Link to next quiz in quiz playlist
You Got
0%
They Got
Avg Score
57%
Avg Friend Score
Upgrade to see
Score Distribution
Jump to the score distribution portion of the page
Score
0/74
Timer
10:00
0
Plays Today
% Correct
Boys Over Flowers
91.6%
Legend Of The Blue Sea
88.2%
The Heirs
87.1%
City Hunter
81.2%
MBC
80.7%
KBS
80.6%
JTBC
80.5%
SBS
80.4%
OCN
80.2%
tvN
79.3%
Descendants Of The Sun
79.2%
Bae Suzy
75.5%
Hotel Del Luna
75.3%
Guardian: The Lonely and Great God
75%
Lee Ji Eun (IU)
74.7%
Bae Suzy
74.4%
Yook Sungjae
68.6%
Ok Taec Yeon
67.6%
Angel's Last Mission: Love
67.5%
Hotel Del Luna
67.2%
Do Kyung Soo (D.O)
67.1%
Choi Si Won
65.6%
Park Hyung Sik
65.6%
Hye Ri
65.6%
Arthdal Chronicles
64.6%
Personal Taste
63.9%
Park Shin Hye
62.7%
Memories of the Alhambra
61.9%
Park Seo Joon
61%
That Winter, The Wind Blows
60.8%
Encounter
60.4%
Reply 1988
60.1%
Autumn in My Heart
59.8%
Encounter
59.6%
Han Hyo Joo
59.5%
The Secret Life of My Secretary
59.4%
Ji Chang Wook
58.3%
% Correct
Sky Castle
57.3%
Im Si Wan
57.2%
Full House
57.2%
Lee Min Ho
56.8%
Search:WWW
55.7%
Jung Eun Ji
55.6%
Faith
55.4%
100 Days My Prince
55%
Mr. Sunshine
52.1%
Kim So Hyun
49.4%
Lee Na Young
48.9%
Lee Bo Young
48.9%
Yoon Doo Joon
47.9%
Lee Jun Ho
47.4%
The Light in Your Eyes
46.2%
One Spring Night
45.4%
Yeo Jin Goo
45.4%
Reply 1994
45.1%
Kim Jae Wook
44.5%
Prison Playbook
44.1%
Yoo Seung Ho
43.8%
Eric Mun
43.5%
Seo In Guk
42.9%
Jin Se Yeon
42.8%
Kim Yoo Jung
42.5%
Doctor John
42.5%
Lee Min Ki
40.8%
Yoo Seung Ho
40.7%
Kim Sae Ron
39.2%
Yoon Doo Joon
39%
Signal
35.9%
Yoo Yeon Seok
33.6%
Yang Se Jong
30.8%
Worlds Within
28.5%
Yeon Woo Jin
27.6%
The Lady in Dignity
27.5%
Kim Hyang Gi
26.7%
Quiz Playlist
Details
Report
Send in Message
Add To Playlist
Clickable:
Select answers by clicking on text or image buttons
Forced Order:
Answers have to be entered in order
Last Updated: Sep 12, 2019
Quiz Scoreboard
CHALLENGE
Sign Up to Join the Scoreboard
Show All
Scores
Hide
Comments
May contain spoilers
Recently Published
1-10 Letter E Words III
by El_Dandy
Language
2m
Street Fighter Characters
by Artimus82
Gaming
60s
College Basketball Coaching Resumes
by pancakes188
Sports
9m
More to Explore
Quiz From the Vault
Featured Blog Post
Where Did the Easter Bunny Come From?
hide this ad
You Might Also Like...
Tags
Kpop Quiz
K-drama
Kdrama
Korean Drama
Kpop Quiz
Today's Top Quizzes in Entertainment
Browse Entertainment
hide this ad
Today's Top Quizzes in Kpop
Browse Kpop
Top Contributed Quizzes in Entertainment
1
7-to-1: DC Comics Villains
2
Marvel Characters Bunker
3
Dragon Ball Z: Goku's Fights in Order
4
Eurovision 2023 Logic Puzzle
5
Sorting Pictures: Villains
6
Criteria Quickie: Cartoon Taxonomy II
7
7-to-1: One Piece
8
Mini Trivia Sudoku: Musicals
9
One Piece Characters Order of Appearance
10
Click the Cartoon Scott
Explore More
Trending Topics
Anime
Crossword
NBA
Harry Potter
Kpop
Marvel
Disney
Country
NFL
WWE
Soccer
Puzzle
The Office
Pokémon
Song
hide this ad
More By:
bang21
Quiz
Plays
Rating
Category
Featured
Created
2018 Kpop MV Thumbnail
2,817
4.80
Entertainment
Feb 24, 2019
K-DRAMA Random Quiz
2,129
4.20
Entertainment
Sep 12, 2019
NCT ERA
1,719
5.00
Music
Sep 20, 2019
50 Korean Actors
1,262
Entertainment
Sep 7, 2019
K D R A M A
950
4.00
Entertainment
Oct 11, 2019
Go to Creator's Profile
Score Distribution
Quiz Creator Spotlight
bang21
Follow
Send a Message
Quizzes Created
-
Created Quiz Play Count
-
More By This Creator
Popular Quizzes Today
1
Find the US States - No Outlines Minefield
2
Find the Countries of Europe - No Outlines Minefield
3
The Countries of the World
4
Find the US States
5
Risky Map Clicking: Biggest States A-Z
6
US States
7
Popular People in 1961
8
Movies - When Are They Set?
More Entertainment Quizzes
Red Comic Book Heroes
Curator's Pick
Trending Quizzes
Risky Map Clicking: Least Populous States A-Z
1-10 Letter G Words
Countries of the World: 200 Million BC
1-10 Letter F Words
Risky Map Clicking: Next State Alphabetically
Recently Updated
Largest US Cities 1790-2010
pecheneg
Rides in Walt Disney World
pecheneg
Most Oscar Losses (Acting)
pecheneg
Beyoncé Albums
pecheneg
Leaping Animals
pecheneg
Reality TV Shows (A-Z)
bhenderson79
Rickey Henderson's Hall of Fame Teammates
pecheneg
Champions League XIs: Arsenal
pecheneg
Quick Pick: Celebrities in WWE's Hall of Fame
aduchscher
A-Z Keypad Blitz II
pecheneg
Trending Topics
NBA
Disney
Harry Potter
Kpop
Marvel
Crossword
Anime
Song
Puzzle
NFL
Country
The Office
Pokémon
Soccer
WWE
Your Account Isn't Verified!
In order to create a playlist on Sporcle, you need to verify the email address you used during registration. Go to your
Sporcle Settings
to finish the process.
Report this User
Report this user for behavior that violates our
Community Guidelines
.
Details:
Send Report
Go to the Sporcle.com Mobile Site →
Comments